LEADER 03039nam1 2200625 450 001 990002808930203316 005 20060906165033.0 035 $a000280893 035 $aUSA01000280893 035 $a(ALEPH)000280893USA01 035 $a000280893 100 $a20060906d1978----km-y0itay0103----ba 101 $aeng 102 $aUS 105 $a||||||||001yy 200 1 $aEncyclopedia of chemical technology$fKirk-Othmer$geditorial board, Herman F. Mark ... [et al.]$gexecutive editor, Martin Grayson 205 $a3. ed 210 $aNew York [etc.]$cWiley$dc1978- 215 $av.$d26 cm 410 0$12001 454 1$12001 461 1$1001-------$12001 463 \1$1001990002808950203316$12001 $a<> : <> to alkanolamines 463 \1$1001990002808980203316$12001 $a<> : Alkoxides, metal to antibiotics (peptides) 463 \1$1001990002808990203316$12001 $a<> : Antibiotics (phenazines) to bleaching agents 463 \1$1001990002809010203316$12001 $a<> :Blood, coagulants and anticoagulants to cardiovascular agents 463 \1$1001990002809040203316$12001 $a<> : Castor oil to chlorosulfuric acid 463 \1$1001990002809050203316$12001 $a<> : Chocolate and cocoa to copper 463 \1$1001990002809070203316$12001 $a<> :Copper alloys to distillation 463 \1$1001990002809090203316$12001 $a<> : Diuretics to emulsions 463 \1$1001990002809100203316$12001 $a<> : Enamels, porcelain or vitreous to ferrites 463 \1$1001990002809120203316$12001 $a<> : Ferroelectris to fluorine compounds, organic 463 \1$1001990002809130203316$12001 $a<> : Fluorine compounds, organic to gold and gold compounds 463 \1$1001990002809140203316$12001 $a<> : Gravity concentration to hydrogen energy 463 \1$1001990002809150203316$12001 $a<> : Hydrogen-ion activity to laminated materials, glass 463 \1$1001990002809160203316$12001 $a<> : Laminated wood-based composites to mass transfer 463 \1$1001990002809170203316$12001 $a<> : Noise Pollution to Perfumes 463 \1$1001990002809180203316$12001 $a<> : Matches to n-nitrosamines 463 \1$1001990002809190203316$12001 $a<> : Peroxides and peroxy compounds, inorganic to piping systems 463 \1$1001990002809200203316$12001 $a<> : Powder coatings to recycling 463 \1$1001990002809210203316$12001 $a<> : Plant-growth substances to potassium compounds 463 \1$1001990002809220203316$12001 $a<> : Refractories to silk 606 0 $achimica$xenciclopedie e dizionari 676 $a660 702 1$aGRAYSON,$bMartin 702 1$aKIRK,$bRaymond Eller 702 1$aOTHMER,$bDonald F. 801 0$aIT$bsalbc$gISBD 912 $a990002808930203316 951 $aP00 23$bDISTRA 959 $aBK 969 $aDISTRA 979 $aDISTRA2$b10$c20060906$lUSA01$h1650 996 $aEncyclopedia of chemical technology$9135541 997 $aUNISA LEADER 02417nam 2200697 a 450 001 9910787553003321 005 20130614125408.0 010 $a1-4698-2760-3 010 $a1-4698-7398-2 035 $a(CKB)2670000000409782 035 $a(CaPaEBR)ebrary10825373 035 $a(SSID)ssj0000955675 035 $a(PQKBManifestationID)12459688 035 $a(PQKBTitleCode)TC0000955675 035 $a(PQKBWorkID)10953935 035 $a(PQKB)11597866 035 $a(Au-PeEL)EBL2031740 035 $a(CaPaEBR)ebr10825373 035 $a(OCoLC)908075352 035 $a(MiAaPQ)EBC2031740 035 $a(DLC) 2012018122 035 $a(DLC)9781451104257 035 $a(EXLCZ)992670000000409782 100 $a20120502d2012 uy 0 101 0 $aeng 135 $aur||||||||||| 181 $ctxt$2rdacontent 181 $csti$2rdacontent 182 $cc$2rdamedia 183 $acr$2rdacarrier 200 00$aACSM's sports medicine$b[electronic resource] $ea comprehensive review /$fsenior editor, Francis G. O'Connor ; editors, Douglas J. Casa ... [et al.] 205 $a1st ed. 210 $aPhiladelphia $cWolters Kluwer Health/Lippincott Williams & Wilkins$d2012 215 $a1 online resource (859 pages) $cillustrations, charts 300 $aBibliographic Level Mode of Issuance: Monograph 311 $a1-4511-0425-1 320 $aIncludes bibliographical references. 327 $asection i. General considerations in sports medicine -- section ii. Evaluation of the injured athlete -- section iii. Medical problems in the athlete -- section iv. Musculoskeletal problems in the athlete -- section v. Principles of rehabilitation -- section vi. Sports-specific considerations -- section vii. Special populations. 517 3 $aSports medicine 606 $aSports Medicine 606 $aAthletic Injuries 606 $aExercise 606 $aSports medicine 606 $aSports injuries 606 $aExercise 608 $aOutlines 615 12$aSports Medicine 615 22$aAthletic Injuries 615 22$aExercise 615 0$aSports medicine. 615 0$aSports injuries. 615 0$aExercise. 676 $a617.1/027 701 $aO'Connor$b Francis G$01516871 801 0$bDNLM/DLC 801 1$bDLC 801 2$bDLC 906 $aBOOK 912 $a9910787553003321 996 $aACSM's sports medicine$93753591 997 $aUNINA